• 首页
  • 本馆介绍
  • 公告通知
  • 最新文献
  • 馆藏检索
  • 电子资源
  • 读者导购
  • 参考咨询
  • 我的图书馆
  • 登录
  • 详细信息显示
  • 放入我的书架
  • 预约/预借图书
  • 作者相关作品
  • 分类相关作品
  • 丛书相关作品
  • 出版社相关作品

书目信息

  • 表格格式
  • 工作单格式
  • 卡片格式
题名:
辽宁野菜资源栽培与利用
    
 
作者: 宁伟 , 张景祥 主编
分册:  
出版信息: 北京   中国农业科学技术出版社  2008
页数: 192页
开本: 21cm
丛书名:
单 册:
中图分类: S647
科图分类:
主题词: 野生植物--蔬菜--植物资源--辽宁省 , 野生植物--蔬菜--栽培--基本知识 , 野生植物 , 蔬菜 , 植物资源
电子资源:
ISBN: 978-7-80233-656-8
000 00981nam0 2200289 45
001 1032967921
005 20100407164609.75
010    @a978-7-80233-656-8@dCNY25.00
100    @a20100330d2008 em y0chiy50 ea
101 0  @achi
102    @aCN@b110000
105    @aa z 000yy
106    @ar
200 1  @a辽宁野菜资源栽培与利用@ALiao Ning Ye Cai Zi Yuan Zai Pei Yu Li Yong@f宁伟,张景祥主编@FNing Wei, Zhang Jing Xiang Zhu Bian
210    @a北京@c中国农业科学技术出版社@d2008
215    @a192页@c彩图@d21cm
330    @a本书介绍了辽宁省的野菜资源及野菜栽培技术。分为三章,包括被子植物类野菜、蕨类野菜、真菌类野菜。
606 0  @a野生植物@x蔬菜@x植物资源@y辽宁省
606 0  @a野生植物@x蔬菜@x栽培@x基本知识
606 0  @a野生植物
606 0  @a蔬菜
606 0  @a植物资源
690    @aS647@v4
701  0 @a宁伟@ANing Wei@c(教授)@4主编
701  0 @a张景祥@AZhang Jing Xiang@c(农业开发)@4主编
801  0 @aCN@bTANGWEI@c20100407
905    @b0586818-20@dS647@e189@f3
    
    辽宁野菜资源栽培与利用/宁伟,张景祥主编.-北京:中国农业科学技术出版社,2008
    192页:彩图;21cm
    
    
    ISBN 978-7-80233-656-8:CNY25.00
    本书介绍了辽宁省的野菜资源及野菜栽培技术。分为三章,包括被子植物类野菜、蕨类野菜、真菌类野菜。
●
相关链接 在E读中查询图书 在五车中查询图书 在当当中查询图书 在豆瓣中查询图书


正题名:辽宁野菜资源栽培与利用     索取号:S647/189         预约/预借

序号 登录号 条形码 馆藏地/架位号 状态 备注
1 0586818   205868186   第二样本阅览室/ [索取号:S647/189] 在馆    
2 0586819   205868195   第三借阅区/ [索取号:S647/189] 在馆    
3 0586820   205868202   第三借阅区/ [索取号:S647/189] 在馆    
唐山师范学院图书馆 欢迎您!
大连网信软件有限公司© 版权所有